Central Library OPAC University of Rajshahi

Rational economic man : (Record no. 42817)

MARC details
000 -LEADER
fixed length control field 00893nam a2200277 a 4500
001 - CONTROL NUMBER
control field 42817
003 - CONTROL NUMBER IDENTIFIER
rucl marc code BD-RjUL
005 - DATE AND TIME OF LATEST TRANSACTION
control field 20211209053610.0
008 - FIXED-LENGTH DATA ELEMENTS--GENERAL INFORMATION
fixed length control field 160616s1975 enka b 001 0 eng
020 ## - INTERNATIONAL STANDARD BOOK NUMBER
International Standard Book Number 0521204089
035 ## - SYSTEM CONTROL NUMBER
System control number (BD-RjUL)42935
040 ## - CATALOGING SOURCE
Original cataloging agency DLC
Transcribing agency DLC
Modifying agency DLC
-- BD-RjUL
Language of cataloging eng
041 ## - LANGUAGE CODE
Language code of text/sound track or separate title eng
082 00 - DEWEY DECIMAL CLASSIFICATION NUMBER
Classification number 330.155
Edition number 23
Author mark and year HOR 1975
100 1# - MAIN ENTRY--PERSONAL NAME
Personal name Hollis, Martin.
9 (RLIN) 131575
245 10 - TITLE STATEMENT
Title Rational economic man :
Remainder of title a philosophical critique of neo-classical economics /
Statement of responsibility, etc. Martin Hollis, Edward J. Nell.
260 ## - PUBLICATION, DISTRIBUTION, ETC. (IMPRINT)
Place of publication, distribution, etc. London :
Name of publisher, distributor, etc. Cambridge University Press,
Date of publication, distribution, etc. 1975.
300 ## - PHYSICAL DESCRIPTION
Pagination vii, 279 p. :
Illustrations ill. ;
Size 24 cm.
500 ## - GENERAL NOTE
General note Includes index.
504 ## - BIBLIOGRAPHY, ETC. NOTE
Bibliography, etc Includes Bibliography
650 #0 - SUBJECT ADDED ENTRY--TOPICAL TERM
Topical term or geographic name as entry element Neoclassical school of economics.
9 (RLIN) 131576
Topical term or geographic name as entry element Rationalism.
9 (RLIN) 128392
Topical term or geographic name as entry element Economic man.
9 (RLIN) 131577
700 1# - ADDED ENTRY--PERSONAL NAME
Personal name Nell, Edward J.,
Relator term joint author.
942 ## - ADDED ENTRY ELEMENTS (KOHA)
Source of classification or shelving scheme Dewey Decimal Classification
Koha item type Books
Holdings
Lost status Source of classification or shelving scheme Damaged status Not for loan Collection code Permanent Location Current Location Shelving location Date acquired Source of acquisition Cost, normal purchase price Total Checkouts Full call number Date last seen Copy number Koha item type
  Dewey Decimal Classification     Non-fiction Central Library, University of Rajshahi Central Library, University of Rajshahi   09/05/1977 W. Laffer and Sons 46.00   330.155 HOR 1975 16/06/2016 C-2 Books
  Dewey Decimal Classification     Non-fiction Central Library, University of Rajshahi Central Library, University of Rajshahi   09/05/1977 W. Laffer and Sons 46.00   330.155 HOR 1975 16/06/2016 C-3 Books
  Dewey Decimal Classification     Non-fiction Central Library, University of Rajshahi Central Library, University of Rajshahi   09/05/1977 W. Laffer and Sons 64.00   330.155 HOR 1975 16/06/2016 C-4 Books